00305 2200133 4500001002100000005001500021035002000036245004700056300000800103260002800111082000800139084001200147990001200159INLIS00000000000223820250527020348 a0010-0525000530 aCara Gampang Jadi Wartawan /cAA. Kunto A. a188 bIndonesia Cerdas,c2006 a600 a600 CAR a0713269